000
00240nam a2200097Ia 4500
001
690764
005
20250826161822.0
008
250824s9999 xx 000 0 und d
245
0
_a
FARKIMA TAKILANLAR
_c
HAKAN BİLGİN
260
_b
ELMA YAYINLARI
999
_c
690764
_d
690764